[Event "DM Kandidatklassen 2025"]
[Site "Svendborg"]
[Date "2025.04.17"]
[Round "3"]
[White "Pirtac, Alexandru"]
[Black "Petersen, Steen Brustrup"]
[Result "1/2-1/2"]
[WhiteElo "2078"]
[BlackElo "2106"]
[WhiteFideId "13912143"]
[BlackFideId "1402706"]
[EventDate "2025.04.15"]
[EventType "swiss"]
[EventRounds "7"]
[EventCountry "DEN"]
[SourceTitle "Live v. Kasper Jerwiarz"]

1. e4 e5 2. d4 exd4 3. Qxd4 Nc6 4. Qe3 Nf6 5. Nc3 Bb4 6. Bd2 O-O 7. O-O-O Re8 8. Bc4 d6 9. Nf3 Ng4 10. Qf4 Nge5 11. Ng5 Be6 12. Bxe6 fxe6 13. a3 Ba5 14. Qg3 Nc4 15. Qh3 h6 16. Nxe6 Qd7 17. Nf4 Qxh3 18. Nxh3 Nxd2 19. Rxd2 Bxc3 20. bxc3 Rxe4 21. f3 Re5 22. Nf2 Rae8 23. Nd3 Re2 24. Rxe2 Rxe2 25. Nf4 Re5 26. Nd3 Re2 27. Nf4 Re5 28. Nd3 Re2 1/2-1/2

[Event "DM Kandidatklassen 2025"]
[Site "Svendborg"]
[Date "2025.04.17"]
[Round "3"]
[White "Laza, Szabolcs"]
[Black "Jarlskov, Daniel Tuk Hartso"]
[Result "1/2-1/2"]
[WhiteElo "2203"]
[BlackElo "2184"]
[WhiteFideId "741345"]
[BlackFideId "1463896"]
[EventDate "2025.04.15"]
[EventType "swiss"]
[EventRounds "7"]
[EventCountry "DEN"]
[SourceTitle "Live v. Kasper Jerwiarz"]

1. c4 e6 2. Nf3 Nf6 3. d4 d5 4. Bg5 Be7 5. Nc3 O-O 6. cxd5 exd5 7. g3 c5 8. Bg2 Nc6 9. O-O c4 10. Ne5 Be6 11. b3 h6 12. Bxf6 Bxf6 13. Nxc6 bxc6 14. Na4 Qe7 15. e3 cxb3 16. Qxb3 Rab8 17. Qc3 Rb4 18. Nc5 Rc4 19. Qa3 Rxc5 20. dxc5 Bxa1 21. Rxa1 Rb8 22. Qc3 Bf5 23. Re1 Be4 24. Bxe4 Qxe4 25. Qa5 Qe7 26. Rc1 Rb5 27. Qa3 a5 28. Qc3 Qe4 29. Qc2 Qe7 30. Qf5 Qb7 31. Kg2 g6 32. Qf6 a4 33. e4 Rb1 34. Rxb1 Qxb1 35. exd5 cxd5 36. Qd8+ Kg7 37. Qxd5 Qc2 38. c6 h5 39. Qd4+ Kh7 40. Qd5 Kh6 41. h4 a3 42. Qd6 Kh7 43. c7 Qe4+ 44. Kg1 Qe1+ 45. Kg2 Qe4+ 46. Kh2 Qc2 47. Qf4 Kg7 48. Kg1 Qc5 49. Kf1 Qb5+ 50. Kg2 Qc6+ 51. Qf3 Qxc7 52. Qxa3 Qc6+ 53. Kg1 Qd5 54. Qa7 g5 55. hxg5 h4 56. gxh4 Qd1+ 57. Kh2 Qg4 58. Qe3 Qxh4+ 59. Kg2 Qg4+ 60. Qg3 Qc4 61. Qe5+ Kg8 62. a3 Qg4+ 63. Qg3 Qe4+ 64. Qf3 Qh4 65. Qf5 Qc4 66. Kg3 Qc3+ 67. Qf3 Qe5+ 68. Kg4 Qe6+ 69. Qf5 Qe2+ 70. Kh4 Qe1 71. Qf3 Qe6 72. Qf4 Qe1 73. Qf6 Qh1+ 74. Kg3 Qg1+ 75. Kf3 Qd1+ 76. Ke4 Qa4+ 77. Kf5 Qxa3 78. Qd8+ Kg7 79. Qd4+ Kg8 80. f4 Qh3+ 81. Ke4 Qe6+ 82. Qe5 Qc6+ 83. Qd5 Qc2+ 84. Ke5 Qc3+ 85. Kd6 Qb4+ 86. Ke5 Qc3+ 87. Kf5 Qc8+ 88. Kf6 Qc3+ 89. Ke7 Qc7+ 90. Qd7 Qxf4 91. Qe8+ Kg7 92. Qf8+ Kg6 93. Qh6+ Kf5 94. Qf6+ Kg4 95. Qxf4+ Kxf4 96. Kf6 Kg4 97. g6 fxg6 98. Kxg6 1/2-1/2

[Event "DM Kandidatklassen 2025"]
[Site "Svendborg"]
[Date "2025.04.17"]
[Round "3"]
[White "Jensen, Thore Nyboe"]
[Black "Saugmann, Frederik Chabert"]
[Result "0-1"]
[WhiteElo "2084"]
[BlackElo "2133"]
[WhiteFideId "1405349"]
[BlackFideId "1476122"]
[EventDate "2025.04.15"]
[EventType "swiss"]
[EventRounds "7"]
[EventCountry "DEN"]
[SourceTitle "Live v. Kasper Jerwiarz"]

1. e4 e5 2. Nf3 Nc6 3. Bb5 Nf6 4. O-O d6 5. d4 Bd7 6. Re1 Be7 7. d5 Nb8 8. Bd3 O-O 9. c4 a5 10. Nc3 Na6 11. a3 h6 12. Bc2 Nh7 13. Rb1 f5 14. exf5 Bxf5 15. Bxf5 Rxf5 16. Ne4 Qd7 17. b4 axb4 18. axb4 b6 19. Ra1 Rff8 20. Qa4 b5 21. cxb5 Nxb4 22. Qxa8 Rxa8 23. Rxa8+ Kf7 24. Nc3 Nf6 25. Rd1 Qf5 26. Ra7 Qc2 27. Rxc7 Nbxd5 28. Ne1 Qb3 29. Rxd5 Nxd5 30. Nxd5 Qxd5 31. b6 Qa5 0-1

[Event "DM Kandidatklassen 2025"]
[Site "Svendborg"]
[Date "2025.04.17"]
[Round "3"]
[White "Thogersen, Rasmus"]
[Black "Hansen, Per"]
[Result "1-0"]
[WhiteElo "2302"]
[BlackElo "2089"]
[WhiteFideId "1431412"]
[BlackFideId "1407520"]
[EventDate "2025.04.15"]
[EventType "swiss"]
[EventRounds "7"]
[EventCountry "DEN"]
[SourceTitle "Live v. Kasper Jerwiarz"]

1. e4 d6 2. d4 Nf6 3. Nc3 Nbd7 4. Nf3 e5 5. Rg1 Be7 6. g4 h6 7. h4 exd4 8. Nxd4 Nc5 9. Qf3 g6 10. g5 hxg5 11. hxg5 Nfd7 12. Rh1 Rxh1 13. Qxh1 c6 14. f4 Qb6 15. Qh8+ Nf8 16. f5 Bd7 17. Qg7 gxf5 18. exf5 O-O-O 19. Bd2 Be8 20. O-O-O d5 21. f6 Nfe6 22. Bh3 Kb8 23. Nxe6 Nxe6 24. Bxe6 1-0

[Event "DM Kandidatklassen 2025"]
[Site "Svendborg"]
[Date "2025.04.17"]
[Round "3"]
[White "Derlich, Sarah Sima"]
[Black "Thuesen, Mogens Henrik"]
[Result "0-1"]
[WhiteElo "2002"]
[BlackElo "2205"]
[WhiteFideId "1469290"]
[BlackFideId "1400878"]
[EventDate "2025.04.15"]
[EventType "swiss"]
[EventRounds "7"]
[EventCountry "DEN"]
[SourceTitle "Live v. Kasper Jerwiarz"]

1. e4 c5 2. Nf3 Nc6 3. d4 cxd4 4. Nxd4 Nf6 5. Nc3 e6 6. Ndb5 d6 7. Bf4 e5 8. Bg5 a6 9. Na3 b5 10. Nab1 Be7 11. Bxf6 Bxf6 12. a4 b4 13. Nd5 O-O 14. Bc4 Be6 15. O-O Bg5 16. Qd3 a5 17. c3 Rb8 18. Bb5 Ne7 19. cxb4 axb4 20. Nxb4 Qa5 21. Nd5 Bxd5 22. exd5 e4 23. Qb3 Nf5 24. Nc3 e3 25. fxe3 Nxe3 26. Rf3 Qa7 27. Kh1 Rfe8 28. a5 Ng4 29. Qc2 Rxb5 30. Nxb5 Qxa5 31. Raf1 Qxb5 32. Qf5 Ne5 33. R3f2 h6 34. Rd1 Qb3 35. Rc2 g6 36. Qe4 Rb8 37. h4 Bxh4 38. Rdc1 Bg5 39. Rc8+ Rxc8 40. Rxc8+ Kg7 41. Qd4 Qg3 42. Rc3 Qe1+ 43. Kh2 Bf6 44. Qf4 h5 45. g3 Ng4+ 46. Kg2 Qe2+ 47. Kg1 Bxc3 48. bxc3 Qe3+ 0-1

[Event "DM Kandidatklassen 2025"]
[Site "Svendborg"]
[Date "2025.04.17"]
[Round "3"]
[White "Sorensen, Reto Utiger"]
[Black "Ostergreen Johansen, Benjamin"]
[Result "1-0"]
[WhiteElo "2104"]
[BlackElo "2031"]
[WhiteFideId "1426664"]
[BlackFideId "1476742"]
[EventDate "2025.04.15"]
[EventType "swiss"]
[EventRounds "7"]
[EventCountry "DEN"]
[SourceTitle "Live v. Kasper Jerwiarz"]

1. c4 e6 2. Nf3 d5 3. g3 Nf6 4. Bg2 dxc4 5. Qa4+ Nbd7 6. Qxc4 a6 7. Qc2 c5 8. O-O Qc7 9. d4 b5 10. Bf4 Qb6 11. Nbd2 Bb7 12. dxc5 Bxc5 13. Nb3 Be4 14. Qd2 O-O 15. Nxc5 Nxc5 16. Be3 b4 17. Rac1 Rac8 18. Qd4 Bxf3 19. Bxf3 Nfd7 20. Rc4 e5 21. Qd2 a5 22. Rfc1 Rc7 23. Qd5 Rfc8 24. Bg2 Qe6 25. Qd1 Kf8 26. Qc2 g6 27. b3 f5 28. Qd1 e4 29. Qd4 Kf7 30. f3 Nb6 31. Rxc5 Rd7 32. Rxc8 Rxd4 33. R8c7+ Rd7 34. Rxd7+ Nxd7 35. fxe4 Nf6 36. Rc7+ Ke8 37. Rc5 fxe4 38. Rxa5 Nd5 39. Bh3 Qe5 40. Ra8+ Kf7 41. Ra7+ Ne7 42. Bd7 Qd5 43. Kf2 g5 44. Bg4 Kf8 45. Rd7 Qa5 46. Ra7 Qd5 47. Rd7 Qa5 48. Be6 Ke8 49. Ra7 Qd8 50. Bc5 e3+ 51. Kg2 Nd5 52. Bf7# 1-0

[Event "DM Kandidatklassen 2025"]
[Site "Svendborg"]
[Date "2025.04.18"]
[Round "4"]
[White "Matthiesen, Martin"]
[Black "Medhus, Vitus Bondo"]
[Result "0-1"]
[WhiteElo "2304"]
[BlackElo "2329"]
[WhiteFideId "1404067"]
[BlackFideId "1462547"]
[EventDate "2025.04.15"]
[EventType "swiss"]
[EventRounds "7"]
[EventCountry "DEN"]
[SourceTitle "Live v. Kasper Jerwiarz"]

1. d4 d5 2. c4 e6 3. Nf3 Nf6 4. g3 dxc4 5. Bg2 c6 6. Ne5 Bb4+ 7. Nc3 Nd5 8. O-O b5 9. e4 Nc7 10. d5 Bb7 11. Qh5 O-O 12. Rd1 cxd5 13. exd5 exd5 14. Bg5 Qe8 15. Bf6 Qe6 16. Ng4 Nd7 17. Ne4 dxe4 18. Rxd7 Qxd7 19. Bxg7 f5 20. Nf6+ Rxf6 21. Bxf6 Qf7 22. Qh4 Rf8 23. Be5 Ne6 24. a4 Be7 0-1

[Event "DM Kandidatklassen 2025"]
[Site "Svendborg"]
[Date "2025.04.18"]
[Round "4"]
[White "Ramsdal, Jens Albert"]
[Black "Haarh, Simon Bjork"]
[Result "1-0"]
[WhiteElo "2342"]
[BlackElo "2192"]
[WhiteFideId "1429221"]
[BlackFideId "1470515"]
[EventDate "2025.04.15"]
[EventType "swiss"]
[EventRounds "7"]
[EventCountry "DEN"]
[SourceTitle "Live v. Kasper Jerwiarz"]

1. Nf3 Nf6 2. e3 d5 3. c4 e6 4. b3 Be7 5. Bb2 O-O 6. Nc3 Nbd7 7. Qc2 c6 8. d4 b6 9. Bd3 Bb7 10. O-O h6 11. Rad1 Rc8 12. Qb1 Qc7 13. cxd5 exd5 14. Ne2 Rfe8 15. Ne5 c5 16. Ng3 Bf8 17. Nf5 g6 18. Ng3 Nxe5 19. dxe5 Ng4 20. Bf5 Nxe5 21. Bxc8 Rxc8 22. Qc1 b5 23. f4 Nd7 24. Qc3 f6 25. Qd3 Kh7 26. Qxb5 c4 27. bxc4 Bc6 28. Qb3 Rb8 29. Qc2 dxc4 30. Nh5 Bg7 31. Nxg7 Kxg7 32. Qc3 Be4 33. Rd4 Qb7 34. Rxc4 Kh7 35. Rc7 Qd5 36. Qxf6 1-0

[Event "DM Kandidatklassen 2025"]
[Site "Svendborg"]
[Date "2025.04.18"]
[Round "4"]
[White "Rewitz, Poul"]
[Black "Iskos, Lukas"]
[Result "1-0"]
[WhiteElo "2262"]
[BlackElo "2008"]
[WhiteFideId "1401033"]
[BlackFideId "1461613"]
[EventDate "2025.04.15"]
[EventType "swiss"]
[EventRounds "7"]
[EventCountry "DEN"]
[SourceTitle "Live v. Kasper Jerwiarz"]

1. e4 c5 2. Nf3 Nc6 3. b4 cxb4 4. d4 d5 5. exd5 Qxd5 6. c4 Qe4+ 7. Be3 Bg4 8. Nbd2 Bxf3 9. Nxf3 g6 10. Bd3 Qg4 11. d5 Nb8 12. O-O Bg7 13. Rb1 a5 14. Qa4+ Qd7 15. Rxb4 Qxa4 16. Rxa4 Nd7 17. c5 Ne5 18. Nxe5 Bxe5 19. f4 Bc7 20. Bd4 f6 21. f5 O-O-O 22. Rb1 g5 23. Be4 Kd7 24. Rxb7 1-0

[Event "DM Kandidatklassen 2025"]
[Site "Svendborg"]
[Date "2025.04.18"]
[Round "4"]
[White "Andersen, Thomas Klitgaard"]
[Black "Le Besq, Alexander"]
[Result "1/2-1/2"]
[WhiteElo "2196"]
[BlackElo "2256"]
[WhiteFideId "1408267"]
[BlackFideId "1437089"]
[EventDate "2025.04.15"]
[EventType "swiss"]
[EventRounds "7"]
[EventCountry "DEN"]
[SourceTitle "Live v. Kasper Jerwiarz"]

1. Nf3 Nf6 2. c4 g6 3. Nc3 Bg7 4. e4 d6 5. d4 O-O 6. Be2 e5 7. O-O Nc6 8. d5 Ne7 9. b4 a5 10. Ba3 axb4 11. Bxb4 b6 12. a4 Re8 13. Ra3 Bf8 14. Re1 c5 15. dxc6 Nxc6 16. Nd5 Nxd5 17. Qxd5 Bb7 18. Bc3 Na5 19. Qd1 d5 20. cxd5 Bxa3 21. Nxe5 Rxe5 22. Bxe5 Bd6 23. Bc3 Bxh2+ 24. Kf1 Qh4 25. Bb5 f6 26. g3 Qh3+ 27. Ke2 Qh5+ 28. Kd3 Qxd1+ 29. Rxd1 f5 30. Ke3 fxe4 31. d6 Kf7 32. Bd4 Bc6 33. Bxb6 Bxb5 34. Bxa5 Bd7 35. Bc7 Rxa4 36. Rh1 Ra3+ 37. Kd4 Rd3+ 38. Kxe4 Rxd6 39. Rxh2 Re6+ 40. Be5 Bc6+ 41. Kd4 h5 42. f4 Bf3 43. Rb2 Ra6 44. Rb3 Ba8 45. Kc5 Be4 46. Re3 Bg2 47. Bc3 Rc6+ 48. Kb5 Rc8 49. Kb4 Bd5 50. Ka3 Rc4 51. Kb2 Ra4 52. Kc1 Be4 53. Kb2 Bd5 54. Kc1 Rc4 55. Kb2 Ra4 56. Be5 Ke6 57. Ra3 Rb4+ 58. Kc3 Rb6 59. Kd4 Bg2 60. Kc5 Rc6+ 61. Kb5 Kf5 62. Ra6 Rxa6 63. Kxa6 Be4 64. Bc3 Kg4 65. Be1 Bf5 66. Kb6 Kf3 67. Kc5 Ke2 68. Ba5 Kf2 69. Kd4 Kxg3 70. Ke3 h4 71. Be1+ Kg4 72. Bd2 Kg3 73. Be1+ Kg4 74. Bd2 Be4 75. Kf2 h3 76. Kg1 Kg3 77. Be1+ Kxf4 78. Kh2 Bg2 79. Bg3+ Kf3 80. Bb8 g5 81. Bc7 Bf1 82. Bb8 g4 83. Bc7 Bc4 84. Bb8 Be6 1/2-1/2

[Event "DM Kandidatklassen 2025"]
[Site "Svendborg"]
[Date "2025.04.18"]
[Round "4"]
[White "Jalving, August"]
[Black "Loftgaard, Mikkel Vinh"]
[Result "1-0"]
[WhiteElo "2142"]
[BlackElo "2230"]
[WhiteFideId "1471759"]
[BlackFideId "1468480"]
[EventDate "2025.04.15"]
[EventType "swiss"]
[EventRounds "7"]
[EventCountry "DEN"]
[SourceTitle "Live v. Kasper Jerwiarz"]

1. e4 Nc6 2. Nf3 d5 3. exd5 Qxd5 4. Nc3 Qd6 5. d4 Nf6 6. d5 Nb4 7. Nb5 Qc5 8. c4 Ng4 9. Nbd4 Bf5 10. Qd2 g6 11. a3 Bh6 12. Qxb4 1-0

[Event "DM Kandidatklassen 2025"]
[Site "Svendborg"]
[Date "2025.04.18"]
[Round "4"]
[White "Hansen, Lars"]
[Black "Stovring, Claus"]
[Result "1-0"]
[WhiteElo "2188"]
[BlackElo "2038"]
[WhiteFideId "1402528"]
[BlackFideId "1406914"]
[EventDate "2025.04.15"]
[EventType "swiss"]
[EventRounds "7"]
[EventCountry "DEN"]
[SourceTitle "Live v. Kasper Jerwiarz"]

1. Nf3 Nf6 2. e3 g6 3. d4 Bg7 4. c4 O-O 5. Be2 c5 6. dxc5 Na6 7. O-O Nxc5 8. b4 Nfe4 9. Nd4 Na6 10. a3 e5 11. Nb3 d6 12. Bb2 Qh4 13. f3 Ng5 14. Nc3 Be6 15. Nd5 Bxd5 16. Qxd5 Rab8 17. g3 Qh6 18. f4 Ne6 19. Qd2 Rfd8 20. Bf3 b6 21. Rad1 Nac7 22. Qf2 f5 23. Bc6 Qh3 24. Qc2 h5 25. Bg2 Qg4 26. Qf2 h4 27. Rd2 hxg3 28. Qxg3 Qxg3 29. hxg3 e4 30. Bxg7 Kxg7 31. Rfd1 Ne8 32. g4 Kf6 33. Bh3 Rbc8 34. gxf5 gxf5 35. Rd5 N6g7 36. c5 bxc5 37. bxc5 Rc6 38. Na5 Ra6 39. Nb7 Rd7 40. cxd6 Rxa3 41. Nc5 Rd8 42. d7 Rxe3 43. dxe8=Q Rxe8 44. Nd7+ Kg6 45. Bf1 Kh5 46. Nf6+ Kh4 47. Nxe8 Nxe8 48. Rxf5 Ng7 49. Rf7 Rg3+ 50. Kh2 e3 51. Rd8 1-0

[Event "DM Kandidatklassen 2025"]
[Site "Svendborg"]
[Date "2025.04.18"]
[Round "4"]
[White "Durrfeld, Sofie Bech"]
[Black "Hansen, Soren Bech"]
[Result "1/2-1/2"]
[WhiteElo "1989"]
[BlackElo "2268"]
[WhiteFideId "1451324"]
[BlackFideId "1400681"]
[EventDate "2025.04.15"]
[EventType "swiss"]
[EventRounds "7"]
[EventCountry "DEN"]
[SourceTitle "Live v. Kasper Jerwiarz"]

1. e4 g6 2. d4 Bg7 3. Bc4 d5 4. exd5 Nf6 5. Nc3 O-O 6. Nf3 Nbd7 7. O-O Nb6 8. Bb3 a5 9. a4 Nbxd5 10. Nxd5 Nxd5 11. Re1 c6 12. Bg5 Be6 13. c4 Nc7 14. d5 cxd5 15. cxd5 Nxd5 16. Nd4 Nc7 17. Nxe6 Nxe6 18. Bxe6 Qxd1 19. Raxd1 fxe6 20. Rxe6 Bxb2 21. Rxe7 Rad8 22. Rdd7 Rxd7 23. Rxd7 Rf7 24. Rd8+ Kg7 25. Bd2 Rc7 26. Kf1 Bc3 27. Bxc3+ Rxc3 28. Rd7+ Kh6 29. Rxb7 1/2-1/2

[Event "DM Kandidatklassen 2025"]
[Site "Svendborg"]
[Date "2025.04.18"]
[Round "4"]
[White "Sandmann, Villads Majvang"]
[Black "Wahlgreen, Noah Krug"]
[Result "1-0"]
[WhiteElo "2291"]
[BlackElo "2076"]
[WhiteFideId "1472313"]
[BlackFideId "1457349"]
[EventDate "2025.04.15"]
[EventType "swiss"]
[EventRounds "7"]
[EventCountry "DEN"]
[SourceTitle "Live v. Kasper Jerwiarz"]

1. e4 c6 2. d4 d5 3. e5 Bf5 4. Nd2 e6 5. Nb3 a6 6. Nf3 Nd7 7. Be2 c5 8. dxc5 Nxc5 9. Nbd4 Be4 10. O-O Ne7 11. Ne1 Qc7 12. f4 Nc6 13. Be3 Nxd4 14. Bxd4 Be7 15. c3 O-O 16. Nd3 Rac8 17. b4 Nd7 18. Nf2 Bg6 19. Bd3 Nb6 20. Bxg6 hxg6 21. g3 a5 22. a3 Qc6 23. h4 Na4 24. Rc1 Nb2 25. Qe2 Nc4 26. Ra1 Bd8 27. h5 g5 28. Nh3 gxf4 29. gxf4 Bb6 30. Kh1 f6 31. Rg1 fxe5 32. fxe5 Rf5 33. h6 Rc7 34. Rg3 Qe8 35. Rag1 Qh5 36. Rxg7+ Kh8 37. Qg2 Rf3 38. Rg8+ Kh7 39. Rh8+ 1-0

[Event "DM Kandidatklassen 2025"]
[Site "Svendborg"]
[Date "2025.04.18"]
[Round "4"]
[White "Petersen, Steen Brustrup"]
[Black "Laursen, Christopher Hofman"]
[Result "0-1"]
[WhiteElo "2106"]
[BlackElo "2248"]
[WhiteFideId "1402706"]
[BlackFideId "1405233"]
[EventDate "2025.04.15"]
[EventType "swiss"]
[EventRounds "7"]
[EventCountry "DEN"]
[SourceTitle "Live v. Kasper Jerwiarz"]

1. e4 e6 2. d4 d5 3. Nc3 dxe4 4. Nxe4 f5 5. Ng5 Nc6 6. c3 Qf6 7. h4 h6 8. N1f3 Bd6 9. Nh3 Bd7 10. Bf4 O-O-O 11. Bxd6 cxd6 12. Nf4 Nge7 13. Qb3 g5 14. d5 gxf4 15. dxc6 Nxc6 16. Nd2 Qe5+ 17. Be2 Rhg8 18. Nc4 Qc5 19. Bf3 d5 20. Nd2 Ne5 21. c4 Bc6 22. cxd5 Bxd5 23. Qc3 Qxc3 24. bxc3 Bxf3 25. gxf3 Rd3 26. Ke2 Rxc3 27. Rac1 Rxc1 28. Rxc1+ Kd7 29. Rc5 Kd6 30. Ra5 a6 31. Ra4 Rc8 32. Rxf4 Rc2 33. Rd4+ Kc5 34. Rd8 Nc4 35. Rc8+ Kb5 36. a4+ Kb4 0-1

[Event "DM Kandidatklassen 2025"]
[Site "Svendborg"]
[Date "2025.04.18"]
[Round "4"]
[White "Saugmann, Frederik Chabert"]
[Black "Pirtac, Alexandru"]
[Result "0-1"]
[WhiteElo "2133"]
[BlackElo "2078"]
[WhiteFideId "1476122"]
[BlackFideId "13912143"]
[EventDate "2025.04.15"]
[EventType "swiss"]
[EventRounds "7"]
[EventCountry "DEN"]
[SourceTitle "Live v. Kasper Jerwiarz"]

1. d4 Nf6 2. c4 g6 3. Nc3 Bg7 4. e4 O-O 5. h3 d6 6. Be3 e5 7. d5 c6 8. Bd3 cxd5 9. cxd5 Nh5 10. g3 a6 11. Be2 Nf6 12. a4 Qa5 13. Qb1 Ne8 14. b4 Qc7 15. Qd3 f5 16. f3 Nf6 17. g4 a5 18. Nb5 Qd8 19. bxa5 Qxa5+ 20. Bd2 Qd8 21. Bb4 Ne8 22. Qa3 Qh4+ 23. Kf1 fxe4 24. Nxd6 Nxd6 25. Bxd6 Rf4 26. Qc3 Nd7 27. Rc1 Qf6 28. Bc7 exf3 29. Bxf3 Qf8 30. Qe3 Rfxa4 31. Kg2 Ra2+ 32. Ne2 R8a3 33. Qf2 b6 34. d6 Rxf3 35. Qxf3 Bb7 36. Qxb7 Rxe2+ 37. Kg3 Qf2# 0-1

[Event "DM Kandidatklassen 2025"]
[Site "Svendborg"]
[Date "2025.04.18"]
[Round "4"]
[White "Yildiz, Hasan"]
[Black "Thogersen, Rasmus"]
[Result "0-1"]
[WhiteElo "1974"]
[BlackElo "2302"]
[WhiteFideId "1435086"]
[BlackFideId "1431412"]
[EventDate "2025.04.15"]
[EventType "swiss"]
[EventRounds "7"]
[EventCountry "DEN"]
[SourceTitle "Live v. Kasper Jerwiarz"]

1. Nf3 c5 2. c4 Nc6 3. Nc3 g6 4. g3 Bg7 5. Bg2 e6 6. e4 Nge7 7. O-O O-O 8. Re1 a6 9. a3 Rb8 10. Rb1 b5 11. cxb5 axb5 12. b4 Qb6 13. bxc5 Qxc5 14. Bb2 f5 15. Rc1 Qa7 16. e5 f4 17. Ne4 fxg3 18. hxg3 Nf5 19. d4 Bb7 20. Nc5 Ba8 21. d5 Na5 22. dxe6 Nc4 23. Nxd7 Nxb2 24. Qb3 Nc4 25. Nxb8 Rxb8 26. e7 Nxe7 27. a4 Bd5 28. Ng5 Bxg2 29. Kxg2 Qb7+ 30. Kg1 Qd5 31. axb5 Nxe5 32. Qxd5+ Nxd5 33. Red1 Nb4 34. Rb1 Ned3 35. Ne6 Be5 36. f4 Bf6 37. Rd2 Kf7 38. Nc7 Bc3 39. Rh2 h5 40. f5 gxf5 41. Rxh5 Rb7 42. b6 Kg6 43. Rh4 Rxb6 44. Rc4 Be5 45. Kg2 Kf7 46. Rf1 Kg6 47. Rb1 Nb2 48. Rcc1 Kf7 49. Na8 Rg6 50. Rc5 Rxg3+ 51. Kh2 Bd6 52. Rxf5+ Ke6 53. Rff1 N4d3 54. Nb6 Rg8+ 55. Kh1 Bc5 56. Rf3 Ne5 57. Rh3 Nbd3 58. Rxd3 Nxd3 59. Nc4 Kd5 60. Nd2 Nf2+ 61. Kh2 Nd3 0-1

[Event "DM Kandidatklassen 2025"]
[Site "Svendborg"]
[Date "2025.04.18"]
[Round "4"]
[White "Sorensen, Reto Utiger"]
[Black "Laza, Szabolcs"]
[Result "0-1"]
[WhiteElo "2104"]
[BlackElo "2203"]
[WhiteFideId "1426664"]
[BlackFideId "741345"]
[EventDate "2025.04.15"]
[EventType "swiss"]
[EventRounds "7"]
[EventCountry "DEN"]
[SourceTitle "Live v. Kasper Jerwiarz"]

1. c4 c6 2. Nf3 d5 3. g3 Nf6 4. Bg2 Bg4 5. Ne5 Be6 6. d4 dxc4 7. O-O Nbd7 8. Nf3 Bd5 9. Nbd2 c5 10. Qa4 a6 11. dxc5 e6 12. c6 Bxc6 13. Qxc4 Rc8 14. Qf4 Be7 15. Nb3 O-O 16. Rd1 Nd5 17. Qd2 N5b6 18. Qe1 Bf6 19. Nbd4 Be4 20. Qb4 Nd5 21. Qe1 Qe7 22. a3 Nc5 23. h4 e5 24. Nf5 Bxf5 25. Rxd5 Nb3 26. Bd2 Nxa1 27. Bb4 Qe6 28. e4 Nc2 29. Qd2 Nxb4 30. Rd6 Rfd8 0-1

[Event "DM Kandidatklassen 2025"]
[Site "Svendborg"]
[Date "2025.04.18"]
[Round "4"]
[White "Thuesen, Mogens Henrik"]
[Black "Veiergang, Oscar Jacob"]
[Result "0-1"]
[WhiteElo "2205"]
[BlackElo "2156"]
[WhiteFideId "1400878"]
[BlackFideId "1470183"]
[EventDate "2025.04.15"]
[EventType "swiss"]
[EventRounds "7"]
[EventCountry "DEN"]
[SourceTitle "Live v. Kasper Jerwiarz"]

1. e4 c5 2. Nf3 e6 3. d4 cxd4 4. Nxd4 Nf6 5. Nc3 Nc6 6. Nxc6 bxc6 7. e5 Nd5 8. Ne4 Qc7 9. f4 Qb6 10. c4 Bb4+ 11. Ke2 f5 12. Ng3 Ba6 13. Kf3 g5 14. fxg5 Ne7 15. a3 Ng6 16. Nh5 Be7 17. Nf6+ Kf7 18. b4 Nxe5+ 19. Kg3 Bxf6 20. Qh5+ Ng6 21. gxf6 Qd4 22. Rb1 Rag8 23. Kh3 Qc3+ 24. g3 Qc2 25. Bd3 Qxd3 26. Rd1 Bxc4 27. Rxd3 Bxd3 28. Rb3 Bf1# 0-1

[Event "DM Kandidatklassen 2025"]
[Site "Svendborg"]
[Date "2025.04.18"]
[Round "4"]
[White "Jarlskov, Daniel Tuk Hartso"]
[Black "Jorgensen, Brian Jorgen"]
[Result "1/2-1/2"]
[WhiteElo "2184"]
[BlackElo "2180"]
[WhiteFideId "1463896"]
[BlackFideId "1401548"]
[EventDate "2025.04.15"]
[EventType "swiss"]
[EventRounds "7"]
[EventCountry "DEN"]
[SourceTitle "Live v. Kasper Jerwiarz"]

1. d4 Nf6 2. c4 g6 3. Nc3 Bg7 4. e4 d6 5. Nf3 O-O 6. Be2 e5 7. O-O Nc6 8. d5 Ne7 9. b4 a5 10. Ba3 b6 11. bxa5 Rxa5 12. Bb4 Ra8 13. a4 Ne8 14. a5 bxa5 15. Bxa5 f5 16. Qc2 Bh6 17. Nd2 Ba6 18. Nb5 Qd7 19. Rfb1 c6 20. Nc3 cxd5 21. cxd5 Bxe2 22. Nxe2 Nf6 23. Ng3 Bxd2 24. Bxd2 fxe4 25. Nxe4 Nxe4 26. Qxe4 Nf5 27. f4 Rae8 28. Bc3 exf4 29. Qxf4 Qf7 30. Rd1 Ne3 31. Qxf7+ Rxf7 32. Re1 Rfe7 33. Bb4 1/2-1/2

[Event "DM Kandidatklassen 2025"]
[Site "Svendborg"]
[Date "2025.04.18"]
[Round "4"]
[White "Slavensky, Asbjorn Vesterkaer"]
[Black "Abildlund, Jens"]
[Result "0-1"]
[WhiteElo "2079"]
[BlackElo "2196"]
[WhiteFideId "1470094"]
[BlackFideId "1403001"]
[EventDate "2025.04.15"]
[EventType "swiss"]
[EventRounds "7"]
[EventCountry "DEN"]
[SourceTitle "Live v. Kasper Jerwiarz"]

1. d4 d6 2. e4 e5 3. Nf3 Nc6 4. Bb5 Bd7 5. Nc3 exd4 6. Nxd4 Nf6 7. Bxc6 bxc6 8. Qf3 Rb8 9. O-O Be7 10. e5 dxe5 11. Nxc6 Bxc6 12. Qxc6+ Qd7 13. Qf3 O-O 14. b3 Rfe8 15. Be3 e4 16. Nxe4 Nxe4 17. Qxe4 Bd6 18. Qf3 Rb5 19. c4 Rf5 20. Qh3 Qe6 21. Rae1 Qg6 22. Bxa7 Ra8 23. Qe3 Re5 24. Qd4 Rh5 25. g3 c5 26. Bxc5 Bxc5 27. Qe4 Rxa2 28. Qe8+ Bf8 29. Rd1 Qe6 30. Rfe1 Qf6 31. Rf1 Re5 32. Qc8 Qe7 33. Rd8 g6 34. Qb8 Ree2 35. b4 Kg7 36. Qb6 Re6 37. Qd4+ Qf6 38. Qxf6+ Rxf6 39. c5 Rb2 40. Re1 Rxb4 41. Rc1 Rc6 42. Rd5 Rb5 43. Ra1 Bxc5 44. Ra2 0-1

[Event "DM Kandidatklassen 2025"]
[Site "Svendborg"]
[Date "2025.04.18"]
[Round "4"]
[White "Hansen, Per"]
[Black "Jensen, Thore Nyboe"]
[Result "0-1"]
[WhiteElo "2089"]
[BlackElo "2084"]
[WhiteFideId "1407520"]
[BlackFideId "1405349"]
[EventDate "2025.04.15"]
[EventType "swiss"]
[EventRounds "7"]
[EventCountry "DEN"]
[SourceTitle "Live v. Kasper Jerwiarz"]

1. d4 Nf6 2. Nc3 d5 3. Bf4 Bf5 4. f3 h6 5. g4 Bg6 6. h4 e6 7. e3 c5 8. Nb5 Na6 9. c3 Be7 10. Nh3 O-O 11. g5 Ne8 12. Bd3 Bxd3 13. Qxd3 h5 14. Bg3 g6 15. Nf4 Ng7 16. Ne2 Qb6 17. a4 c4 18. Qc2 Rac8 19. Be5 Nb8 20. Rg1 Nd7 21. Bf4 a6 22. Na3 Bd6 23. Bxd6 Qxd6 24. e4 Rb8 25. Qd2 Qc6 26. Nc2 dxe4 27. Nb4 Qd6 28. fxe4 Rfd8 29. a5 Nc5 30. Qe3 Nb3 31. Ra4 Qd7 32. Ra3 Qb5 33. Rf1 Nxa5 34. Qf4 Rf8 35. Qc7 Nc6 36. Nc2 Qxb2 37. Kd2 Rbc8 38. Qf4 Qb6 39. Ra4 e5 40. Qf2 exd4 41. cxd4 Na7 42. Nc3 Nb5 43. Nd5 Qe6 44. Nf6+ Kh8 45. Qf4 Qh3 46. Rf3 Ne6 47. Qe5 Qxf3 48. Nxh5+ f6 49. Nxf6 Qf4+ 0-1